Statistics for Top 5 Basketball Recruits by State - 2017

Click here to take the quiz!

General Stats

  • This quiz has been taken 6 times
  • The average score is 38 of 190

Answer Stats

StateRankPlayerCurrent Team / Status% Correct
Illinois79Mark SmithKansas State Wildcats
100%
West Virginia141Chris SmithDetroit Pistons / Motor City Cruise
100%
Pennsylvania26Quade GreenMaine Celtics
100%
Illinois78Justin SmithArkansas Razorbacks
100%
Washington2Michael Porter Jr.Denver Nuggets
100%
Washington25Jontay PorterFree Agent
100%
North Carolina240Jatrious SmithInactive
100%
Minnesota204Theo JohnMarquette Golden Eagles
100%
California1Marvin Bagley IIISacramento Kings
100%
Washington106Corey KispertWashington Wizards
100%
Mississippi274Galin SmithMaryland Terrapins
100%
Kansas286Darien JacksonTulsa Golden Hurricane
100%
Georgia5Collin SextonCleveland Cavaliers
100%
Alabama148Herbert JonesNew Orleans Pelicans
100%
Indiana8Jaren Jackson Jr.Memphis Grizzlies
100%
Pennsylvania3Mo BambaOrlando Magic
100%
Oregon452Braden OlsenGannon Golden Knights
50%
New Hampshire103Thomas AllenNorth Carolina State Wolfpack
50%
Kansas270Derrick WalkerNebraska Cornhuskers
50%
Indiana27Malik WilliamsLouisville Cardinals
50%
Kentucky290Trace YoungAlabama State Hornets
50%
Louisiana61Josh AndersonWestern Kentucky Hilltoppers
50%
Texas15P.J. WashingtonCharlotte Hornets
50%
Indiana19Brian Bowen IIFree Agent
50%
Pennsylvania16Lonnie Walker IVSan Antonio Spurs
50%
Mississippi428Lemmie HowardArkansas-Monticello Boll Weevils
50%
Oregon448Isaac BontonWashington State Cougars
50%
Oregon381Zach ReichleOregon State Beavers
50%
Oklahoma185Marques WilsonLehigh Mountain Hawks
50%
Oklahoma23Trae YoungAtlanta Hawks
50%
Michigan112Xavier TillmanMemphis Grizzlies
50%
Michigan224Greg ElliottMarquette Golden Eagles
50%
Ohio80Kyle YoungOhio State Buckeyes
50%
Mississippi405Jesse LittleAmerican Eagles
50%
Missouri40Nickeil Alexander-WalkerNew Orleans Pelicans
50%
New York128Keith WilliamsCincinnati Bearcats
50%
New York62Isaiah WashingtonLong Beach State Beach
50%
Nebraska248Teddy AllenNew Mexico State Aggies
50%
Nebraska526Landon WalkerTennessee Wesleyan College Bulldogs
50%
Nevada13Troy Brown Jr.Chicago Bulls
50%
New Jersey181Jordan WalkerTulane Green Wave
50%
Michigan133Isaiah LiversDetroit Pistons
50%
New Hampshire89Sidney WilsonSIU Edwardsville Cougars
50%
Illinois54Jordan GoodwinCapital City Go-Go
50%
West Virginia85Chase JohnsonDayton Flyers
50%
Washington, D.C.456Eddie ScottPenn Quakers
50%
Washington, D.C.118Luka GarzaDetroit Pistons
50%
Florida9Mitchell RobinsonNew York Knicks
50%
California4Deandre AytonPhoenix Suns
50%
Washington67Jaylen NowellMinnesota Timberwolves
50%
Florida36Chaundee BrownSouth Bay Lakers
50%
Virginia20Billy PrestonCape Town Tigers - South Africa
50%
Alabama162Jamal JohnsonAuburn Tigers
50%
Washington50Daejon DavisWashington Huskies
50%
Georgia7Wendell Carter Jr.Orlando Magic
50%
Georgia28M.J. WalkerFree Agent
50%
Alabama131Garrison BrooksMississippi State Bulldogs
50%
California22Jaylen HandsAntwerp Giants - Belgium
50%
Virginia52Matt Coleman IIIStockton Kings
50%
Ohio75Kaleb WessonHapoel Gilboa Galil - Israel
0%
North Carolina193Brandon HuffmanJacksonville State Gamecocks
0%
Ohio267Sterling ManleyNorth Carolina Tar Heels
0%
North Carolina188J.P. Moorman IITemple Owls
0%
North Carolina113Ty-Shon AlexanderPhoenix Suns
0%
New York139Boubacar DiakiteInactive
0%
Wisconsin119Terrence LewisSouth Alabama Jaguars
0%
North Carolina99Lavar Batts Jr.UNC Asheville Bulldogs
0%
Wisconsin197Kobe KingValparaiso Crusaders
0%
Virginia100Nate WatsonProvidence Friars
0%
Wisconsin276Philip FloryUW-Stevens Pointers
0%
New York81Hameir WrightWashington Huskies
0%
Wisconsin409Alou DillonWinona State Warriors
0%
Wisconsin493Owen HamiltonRetired
0%
Wyoming415Hunter ThompsonWyoming Cowboys
0%
New York18Nick RichardsCharlotte Hornets
0%
New Jersey203Zach KentDelaware State Hornets
0%
New Jersey190Bourama SidibeSyracuse Orange
0%
New Jersey126Deng GakMiami Hurricanes
0%
New Jersey92Myles CaleSeton Hall Pirates
0%
New Hampshire174Aaron WheelerPurdue Boilermakers
0%
Ohio436BJ DulingInactive
0%
Virginia35Lindell WiggintonHamilton Honey Badgers - Canada
0%
Virginia76Jamorko PickettDetroit Pistons / Motor City Cruise
0%
South Carolina205Clyde TrappClemson Tigers
0%
Texas56Savion FlaggTexas A&M Aggies
0%
Texas86Victor Bailey Jr.Tennessee Volunteers
0%
Utah24Emmanuel AkotBoise State Broncos
0%
Utah102Branden CarlsonUtah Utes
0%
Texas12Jarred VanderbiltMinnesota Timberwolves
0%
Tennessee328Jalen CrutcherGreensboro Swarm
0%
Tennessee315Parrish HewittNorthwestern Oklahoma State University Rangers
0%
Tennessee273Parker StewartIndiana Hoosiers
0%
Utah333Trevin KnellBYU Cougars
0%
Utah376Jaxon BrenchleyUtah Utes
0%
Tennessee31Shai Gilgeous-AlexanderOklahoma City Thunder
0%
South Carolina231Nicolas ClaxtonBrooklyn Nets
0%
South Carolina196Mamoudou DiarraCincinnati Bearcats
0%
Ohio461Jayvon GravesFree Agent
0%
South Carolina156A.J. Oliver IIOld Dominion Monarchs
0%
Utah418Samuta AveaHawai'i Rainbow Warriors
0%
South Carolina30Jalek FeltonFiobanka Jindřichův Hradec - Czech Republic
0%
Rhode Island413Justin MazzullaVermont Catamounts
0%
Pennsylvania97Dhamir Cosby-RoundtreeVillanova Wildcats
0%
Pennsylvania38Brandon RandolphFree Agent
0%
Vermont88Jordan NworaMilwaukee Bucks
0%
Vermont195Christian DavidButler Bulldogs
0%
Vermont306Marcus Santos-SilvaTexas Tech Red Raiders
0%
Oklahoma232Elijah LandrumNorthern New Mexico Eagles
0%
Oklahoma186Ethan ChargoisSMU Mustangs
0%
Texas55Marcus GarrettMiami Heat / Sioux Falls Skyforce
0%
Oklahoma117Brady ManekOklahoma Sooners
0%
Tennessee167William DouglasSMU Mustangs
0%
Alabama33John Petty Jr.Birmingham Squadron
0%
New Hampshire57Kimani LawrenceArizona State Sun Devils
0%
Idaho419Kolby LeeBYU Cougars
0%
Washington, D.C.64Chris LykesArkansas Razorbacks
0%
Florida6Trevon DuvalGrand Rapids Gold
0%
Florida11Kevin Knox IINew York Knicks
0%
Florida32Silvio De SousaChattanooga Mocs
0%
Georgia47Chuma OkekeOrlando Magic
0%
Georgia51Rayshaun Hammonds
BK VEF Rīga - Latvia
0%
Illinois43Jeremiah TilmonFree Agent
0%
Connecticut233Walter WhyteBoston University Terriers
0%
Illinois69Nojel EasternRetired
0%
Indiana21Kris WilkesFree Agent
0%
Indiana34Paul ScruggsXavier Musketeers
0%
Iowa152Connor McCafferyIowa Hawkeyes
0%
Iowa517Jerry Myles Jr.Retired
0%
Kansas94Mitch BallockCleveland Charge
0%
Kansas283Francesco BadocchiRetired
0%
Connecticut257Vin Baker Jr.Milwaukee Panthers
0%
Connecticut227Malik OndigoRice Owls
0%
Kentucky298David SloanEast Tennessee State Buccaneers
0%
Arkansas296Darious HallDePaul Blue Demons
0%
Arizona83Alex BarcelloBYU Cougars
0%
Arizona105Saben LeeDetroit Pistons
0%
Arizona179Alfred HollinsOregon State Beavers
0%
Arizona264Shamiel StevensonNebraska Cornhuskers
0%
Arizona302Makhtar GueyeUAB Blazers
0%
Arkansas39Daniel GaffordWashington Wizards
0%
Arkansas169Khalil GarlandArkansas Razorbacks - (Student Coach)
0%
Arkansas318Gabe OsabuohienWest Virginia Mountaineers
0%
Connecticut44Tremont WatersFree Agent
0%
California14Brandon McCoyOostende - Belgium
0%
California17Gary Trent Jr.Toronto Raptors
0%
Colorado71D'Shawn SchwartzColorado Buffaloes
0%
Colorado379Jaizec LottieFlagler Saints
0%
Colorado458Braxton BertoletteMontevallo Falcons
0%
Colorado514Colbey RossERA Nymburk - Czech Republic
0%
Connecticut10Hamidou DialloDetroit Pistons
0%
Kansas343Bryan Trimble Jr.Akron Zips
0%
Kentucky335DeVon CooperMorehead State Eagles
0%
New Hampshire41Makai Ashton-LangfordBoston College Eagles
0%
Missouri176Jared RidderMissouri State Bears
0%
Minnesota66Nate ReuversWisconsin Badgers
0%
Minnesota108Brad DavisonWisconsin Badgers
0%
Minnesota134Race ThompsonIndiana Hoosiers
0%
Mississippi29Nick WeatherspoonFree Agent
0%
Mississippi241KeyShawn FeazellMcNeese Cowboys
0%
Alabama96Alex ReeseAlabama Crimson Tide
0%
Missouri367Jacob GilyardRichmond Spiders
0%
Michigan228Amauri HardyOregon Ducks
0%
Missouri383Caleb BennettMissouri Western Griffons
0%
Missouri395Levi Stockard IIIVCU Rams
0%
Nebraska553Isaiah Poor Bear-ChandlerWichita State Shockers
0%
Nevada45Chuck O'Bannon Jr.TCU Horned Frogs
0%
Nevada129Kenny WootenMaine Celtics
0%
Nevada166Lamine DianeDelaware Blue Coats
0%
Nevada221Christian Popoola Jr.Academy of Art Urban Knights
0%
Minnesota53Jericho SimsNew York Knicks
0%
Michigan145Jamal CainMarquette Golden Eagles
0%
Kentucky349Chris VogtCincinnati Bearcats
0%
Maryland49D.J. HarveyVanderbilt Commodores
0%
Kentucky358Taveion HollingsworthWestern Kentucky Hilltoppers
0%
Louisiana135Galen AlexanderTexas Southern Tigers
0%
Louisiana341Cedric RussellLouisiana Ragin' Cajuns
0%
Louisiana385Joe ThompsonRetired
0%
Louisiana438Tre SwillingGeorgia Tech Yellow Jackets - (Football)
0%
Maine408Skyler NashVermont Catamounts
0%
Maine453Bobby PlanutisPurdue Fort Wayne Mastadons
0%
Maryland58Naji MarshallNew Orleans Pelicans
0%
Massachusetts217Andrew PlatekNorth Carolina Tar Heels
0%
Maryland74Darryl MorsellMarquette Golden Eagles
0%
Maryland178Josh CarltonUConn Huskies
0%
Maryland209Andre Rafus Jr.Retired
0%
Massachusetts46Jermaine SamuelsVillanova Wildcats
0%
Massachusetts70Wabissa BedeVirginia Tech Hokies
0%
Massachusetts95Kellan GradyKentucky Wildcats
0%
Massachusetts158Hasahn FrenchKK Krka - Slovenia
0%
Wyoming540Kelby KramerMinnesota State Mavericks
0%

Score Distribution

Percentile by Number Answered

Percent of People with Each Score

Your Score History

You have not taken this quiz